00719nam a22002177a 4500003000500000005001700005008004100022010001000063011001000073035001000083040000900093100001900102245008800121260003000209300002200239490008300261650002100344650002700365830008300392852002600475CHAP20220329141752.0971013s1994 nl r 00010 eng d a73512 a74484 a84043 cCHAP00aCohen, Joel I.1 aBiotechnology priorities, planning, and policiesb: a framework for decision making aThe Hague :bISNAR,c1994 a49 p.b; gráfs. aInternational Service for National Agricultural Research. Research reportv; 614aBiotecnología.14aPolítica agrícola.0 aInternational Service for National Agricultural Research. Research reportv; 6 2yISSUEd2012-12-17503